000 02804nam0a2200385 4500
001 RU\NLR\BIBL_A\016249623
005 20251007132054.0
010 _a978-5-98862-739-5
_9800
021 _aRU
_bКН-П-22-085826
_9КН-П-22-7596
035 _a(NLR Aleph) 016249623
035 _a(RuMoRGB)011436768
090 _a12823151
_c12823151
100 _a20221227d2022 m y0rusy50 ca
101 0 _arus
102 _aRU
105 _aa z 000zy
181 0 _ai
_baxxe
182 0 _an
200 1 _aМобилизационная экономика России
_fА. В. Щербаков, С. Ю. Малков
_gИнститут социально-экономического прогнозирования имени Д. Менделеева, Сретенский клуб имени С. П. Курдюмова
203 _aТекст
_bвизуальный
_cнепосредственный
210 _aМосква
_cГрифон
_d2022
215 _a87 с.
_cил., цв. ил.
_d21
300 _aНа обл. авт. не указаны
320 _aБиблиогр.: с. 86-87 (19 назв.)
330 _aО переводе российской экономики на мобилизационные рельсы авторы заявляли в конце 2021 года, еще до начала СВО. Логика разворачивающихся событий не оставляет выбора: либо русский культурный код прекращает свое существование в рамках доктрины "инклюзивного капитализма", либо Россия становится лидером человечества в условиях глобального преобразования (Большого антропологического перехода, или Нового осевого времени), связанного с энергоинформационными технологиями. Книга продолжает серию работ Сретенского клуба по формированию Образа будущего и раскрывает принципы мобилизационной экономики
333 _a16+
607 _aРоссийская Федерация
_xНародное хозяйство
_2nlr_sh1
_2nlr_sh2
_3RU\NLR\AUTH\661273591
686 1 _aУ03(2Р)74
700 1 _aЩербаков
_bА. В.
_cканд. экон. наук
_gАндрей Владимирович
_3RU\NLR\AUTH\7749202
701 1 _aМалков
_bС. Ю.
_cд-р техн. наук
_f1955-
_gСергей Юрьевич
_3RU\NLR\AUTH\7733150
942 _cBOOK
980 _aSVO
980 _aNB